| 000 | 00620nam a2200205Ia 4500 | ||
|---|---|---|---|
| 003 | SISC | ||
| 005 | 20181203070054.0 | ||
| 008 | 181129s9999 xx 000 0 und d | ||
| 020 | _a9780198310174 | ||
| 050 |
_aJZ 5538 _b.C226 2015 |
||
| 100 | _aCannon, Martin | ||
| 245 |
_cMartin Cannon _aConflict and intervention: _bcourse companion/ |
||
| 260 |
_aUK : _bOxford University Press _c2015 |
||
| 300 |
_avi, 273 pages : _bcol. illustration ; _c27 cm. |
||
| 500 | _aIncludes index and bibliographic references | ||
| 650 | _aConflict management | ||
| 650 | _aPeace management | ||
| 942 |
_2lcc _cBK |
||
| 999 |
_c360325 _d360325 |
||